00677nam a2200241 a 4500001001300000003000900013005001700022008004100039020000900080082001700089100002600106245002100132260004000153300000900193500003500202505001000237650001400247700002600261902000800287942000700295952011600302999001700418nice12345678IN_TiNIC20260116013625.0050524s1992 dela grp 000 0 urd  ac5800a297.211bMAU aMaudoodi, S Abul Aala aAl-Asma Ul Husna aDelhibMarkazi Maktaba Islamic1992 a394p aincludes index and biblioraphy2 aIndex aGod-Islam1 aMaudoodi, S Abul Aala bSRS cBK 001040708StackRoom-aHMIbHMId2007-07-13g58.00l0o297.211 MAUp015913r2007-07-13v58.00w2005-05-24yBK c11704d11704